| 000 | 00481nam a2200157 4500 | ||
|---|---|---|---|
| 001 | 119093 | ||
| 003 | ES-MaACL | ||
| 005 | 20230906191235.0 | ||
| 007 | t| | ||
| 008 | 070214s1973 sp r ||||1| spa d | ||
| 100 | 1 |
_aPicaud-Bayart, Jocelyne. _991804 |
|
| 245 | 1 | 3 |
_aUn canto para Lara _b: (tercera antologĂa de versos) / _cSoledad Piqueras [Seud.]. |
| 260 |
_aSoria : _b[s. n.], _c1973 ( _fImp. Las Heras) |
||
| 300 |
_a113 p. ; _c22 cm. |
||
| 852 |
_aES-MaACL _jC-54252 _bR.87233 |
||
| 999 |
_c119093 _d119093 |
||